000 00535nam a2200217Ia 4500
003 OSt
005 20230511113345.0
008 210423s2008 xx 000 0 und d
020 _a9788184892598
040 _cAL
041 _aeng
082 _a574.87
_223
_b HOUS
100 _aHou (Steven X);SINGH (Shree Ram).
_9102726
245 _aGermline stem cells.
260 _aNew Delhi
_bHumana Press
_c2008
300 _axii,273
_bHB
365 _b995
_cINR
440 _v1
906 _acells. ; Germline ; stem
942 _2ddc
_cBK
999 _c164175
_d164175